书目信息 |
| 题名: |
周谷城学术论著自选集
|
|
| 作者: | 周谷城 著 | |
| 分册: | ||
| 出版信息: | 北京 北京师范大学出版社 1992.05 |
|
| 页数: | 554页 | |
| 开本: | 32开 | |
| 丛书名: | ||
| 单 册: | ||
| 中图分类: | C53 | |
| 科图分类: | ||
| 主题词: | 社会科学--文集 , 社会科学--会议录 | |
| 电子资源: | ||
| ISBN: | 7-81014-624-6 | |
| 000 | 00600nam0 2200205 45 | |
| 001 | 0008160939 | |
| 005 | 20000816092552.8 | |
| 010 | @a7-81014-624-6@d18.00元 | |
| 100 | @a20000816d1992 km y0chiy0120 ea | |
| 101 | 0 | @achi |
| 105 | @a z 000yy | |
| 200 | 1 | @a周谷城学术论著自选集@AZhou Gu Cheng Xue Shu Lun Zhu Zi Xuan Ji@f周谷城著@FZhou Gu Cheng Zhu |
| 210 | @a北京@c北京师范大学出版社@d1992.05 | |
| 215 | @a554页@d32开 | |
| 606 | 0 | @a社会科学@x文集 |
| 606 | 0 | @a社会科学@x会议录 |
| 690 | @aC53@v3 | |
| 701 | 0 | @a周谷城@4著 |
| 801 | @aCN@bPftUser@c20000816 | |
| 905 | @b105342-343@dC53@eZH111@f2 | |
| 周谷城学术论著自选集/周谷城著.-北京:北京师范大学出版社,1992.05 |
| 554页;32开 |
| ISBN 7-81014-624-6:18.00元 |
| ● |
| 相关链接 |
|
|
|
正题名:周谷城学术论著自选集
索取号:C53/ZH111
 
预约/预借
| 序号 | 登录号 | 条形码 | 馆藏地/架位号 | 状态 | 备注 |
| 1 | 105342 | 201053420 | 社科库509/509社科库 54排9列2层/ [索取号:C53/ZH111] | 在馆 | |
| 2 | 105343 | 201053439 | 社科库509/509社科库 54排9列2层/ [索取号:C53/ZH111] | 在馆 |